<?xml version="1.0" encoding="utf-8"?>
<?xml-stylesheet type='text/xsl' href='./oai2.xsl'?>
<OAI-PMH xmlns="http://www.openarchives.org/OAI/2.0/" xmlns:xsi="http://www.w3.org/2001/XMLSchema-instance" xsi:schemaLocation="http://www.openarchives.org/OAI/2.0/ http://www.openarchives.org/OAI/2.0/OAI-PMH.xsd">
  <responseDate>2026-06-07T05:37:17Z</responseDate>
  <request verb="GetRecord" metadataPrefix="marcxml" identifier="record_kuniweb_2665052">https://kulturerbe.niedersachsen.de/oai</request>
  <GetRecord>
    <record>
      <header>
        <identifier>record_kuniweb_2665052</identifier>
        <datestamp>2026-03-31T19:09:18Z</datestamp>
        <setSpec>slg0175</setSpec>
      </header>
      <metadata>
        <marc:record xmlns:marc="http://www.loc.gov/MARC21/slim" xsi:schemaLocation="http://www.loc.gov/MARC21/slim http://www.loc.gov/standards/marcxml/schema/MARC21slim.xsd">
          <marc:leader>12345nkm  22     uu 4500</marc:leader>
          <marc:controlfield tag="001">2665052</marc:controlfield>
          <marc:controlfield tag="003">http://kuniweb.gbv.de</marc:controlfield>
          <marc:controlfield tag="005">2025-05-28T11:19:29</marc:controlfield>
          <marc:controlfield tag="008">|           ||||||||||||||||||||||</marc:controlfield>
          <marc:datafield tag="245" ind1="1" ind2="0">
            <marc:subfield code="a">Dr. Victor Precht (Brustbild)</marc:subfield>
          </marc:datafield>
          <marc:datafield tag="720" ind1=" " ind2=" ">
            <marc:subfield code="a">C. Ruf (Firma)</marc:subfield>
          </marc:datafield>
          <marc:datafield tag="655" ind1=" " ind2="7">
            <marc:subfield code="a">Fotografie</marc:subfield>
          </marc:datafield>
          <marc:datafield tag="046" ind1=" " ind2=" ">
            <marc:subfield code="k">1889</marc:subfield>
            <marc:subfield code="k">ca. 1889 (Fotografie kurz vor dem Tod Victor Prechts 1889 (Untersatzkarton mit Verweis auf Auszeichnung 1890 - Produktion der Carte de Visite offenbar kurz nach dem Tod der fotografierten Person))</marc:subfield>
          </marc:datafield>
          <marc:datafield tag="260" ind1=" " ind2=" ">
            <marc:subfield code="g">1889</marc:subfield>
            <marc:subfield code="g">ca. 1889 (Fotografie kurz vor dem Tod Victor Prechts 1889 (Untersatzkarton mit Verweis auf Auszeichnung 1890 - Produktion der Carte de Visite offenbar kurz nach dem Tod der fotografierten Person))</marc:subfield>
          </marc:datafield>
          <marc:datafield tag="300" ind1=" " ind2=" ">
            <marc:subfield code="a">Höhe: 95 mm (Fotografie)
Breite: 62 mm (Fotografie)
Höhe: 105 mm (Untersatzkarton)
Breite: 65 mm (Untersatzkarton)</marc:subfield>
          </marc:datafield>
          <marc:datafield tag="520" ind1=" " ind2=" ">
            <marc:subfield code="a">kleinformatige Fotografie des Theologen und Dichters Victor Precht im Visitformat von C. Ruf, Freiburg i. Breisgau, Fotografie mit Datierung des Ablebens Victor Prechts am 27. November 1889 von Allmers' Hand auf dem Untersatzkarton (verso); weiterhin Verweis auf Auszeichnung des Fotografen 1890 auf dem Untersatzkarton - Carte de Visite demnach kurz nach dem Tod Prechts produziert. 
Bis 1848 enge Freundschaft zwischen Allmers und Precht; nach dessen Zeit in New York ab 1886 in Freiburg i. Breisgau - dort 1888 spätes Widersehen mit HA. Eine weitere Aufnahme von Precht im Visitformat im NHA erhalten (6.3.359) (T. Mahler 05/2025)

Aufschrift:
"Victor Precht/ Dr. phil./ † 27 Nov. 1889." verso o. re. (Bez. von Allmers' Hand in schwarzer Tinte auf dem Untersatzkarton (verso))

Aufdruck:
"C. Ruf" u. li. "Freiburg i/B" u. re. "C. Ruf/ Hofphotograph/ Basel/ Steinthorberg 20./ Freiburg i/B/ Kaiserstr. 5 u Ludwigstr. 2./ Mannheim/ A. 2. 7./ Prämiirt:/ Wien 1873./ Wien 1875./ Carlsruhe 1877./ Frankfurt a/M. 1884./ Antwerpen 1885./ Heidelberg 1885./ Freiburg 1887./ Brüssel 1888/ Ehrendiplom m. gold. Medaille/ 1890." verso (Druck des Fotografen und Verlags auf dem Untersatzkarton)

Literatur in Zusammenhang:
H. Allmers, H. G. Steimer, und A. Behne, „Briefwechsel mit Freunden in der Ferne 1880-1901“, Briefwechsel, Bd. 3, Teilband 2. Edition Temmen, Bremen, 2019. (Vgl. S. 726)</marc:subfield>
          </marc:datafield>
          <marc:datafield tag="650" ind1="1" ind2=" ">
            <marc:subfield code="a">Grafik, Fotografie &gt; Fotografie &gt; Fotoabzug</marc:subfield>
          </marc:datafield>
          <marc:datafield tag="773" ind1="0" ind2=" ">
            <marc:subfield code="t">Sammlung und Nachlass Hermann Allmers</marc:subfield>
          </marc:datafield>
          <marc:datafield tag="852" ind1=" " ind2=" ">
            <marc:subfield code="a">Archiv des Landkreises Cuxhaven</marc:subfield>
          </marc:datafield>
          <marc:datafield tag="852" ind1=" " ind2=" ">
            <marc:subfield code="a">Freiburg im Breisgau</marc:subfield>
          </marc:datafield>
          <marc:datafield tag="" ind1=" " ind2=" ">
            <marc:subfield code="a">Sammlung und Nachlass Hermann Allmers sind Eigentum der Hermann-Allmers-Gesellschaft e. V. und werden in zwei Teilen an zwei Standorten verwahrt:
Die (museale) Sammlung, bestehend aus Mobiliar und Hausgerät, Tafelgemälden, kleineren und größeren Antiken, Gipsabgüssen, kunsthandwerklichen Objekten aus Keramik und Glas und einer kleinen Bibliothek, befindet sich im Allmers-Haus in Rechtenfleth.
Der literarische, grafische und fotografische "Nachlass Hermann Allmers" hingegen ist im Archiv des Landkreises Cuxhaven in Otterndorf deponiert.</marc:subfield>
          </marc:datafield>
          <marc:datafield tag="" ind1=" " ind2=" ">
            <marc:subfield code="a">Namensnennung - Nicht kommerziell - Keine Bearbeitungen 4.0 International (CC BY-NC-ND 4.0)</marc:subfield>
          </marc:datafield>
        </marc:record>
      </metadata>
    </record>
  </GetRecord>
</OAI-PMH>
